Бюллетени Всероссийского финансового съезда №№ 1, 2, 3

Доступно только в Электронных читальных залах Найти на картеНа карте
RUSMARC
00004094nac2a22003013x 450
00168baacf3-18d4-4b36-87fe-7393ebe1eac3
00520220705102914.0
100##$a20220622l1922 k y0rusy50 ca
1010#$arus
102##$aRU
105##$ay z |||||
1220#$ad19221024
2001#$aБюллетени Всероссийского финансового съезда №№ 1, 2, 3
$j24-26 октября 1922
215##$a23 листа
251##$cДело
300##$aЗаголовок дела на папке отсутствует
300##$aНа папке дела дата не указана
300##$aЛисты: после 23 (1) - чистые листы; 9-10, 13-14 - не разрезанные
300##$aНапечатано типографским способом
324##$aМашинописная копия
330##$aВходит в раздел описи: Документы Совета съездов государственной промышленности и торговли
461#0$100170a9e75d-b6e1-4eed-a561-fb01df49f1ed
$12001
$aКоллекция документов профессора И. Х. Озерова
$1251
$cФонд
$1852
$j1838
462#0$10010128b4bc-9fed-474c-8a7c-fdbe2c2718e2
$12001
$aДокументы советского периода. 1917-1933 гг.
$vД. 18
$1251
$cОпись
$1852
$j2
600#1$aОзеров
$bИ. Х.
$gИван Христофорович
60102$aВсероссийский финансовый съезд
801#0$aRU
$bGA_RF
801#1$aRU
$bГлавНИВЦ
$c20220622
$2rusmarc
801#2$aRU
$bПБ им. Б.Н. Ельцина
$c20220705
$gRCR
$2rusmarc
852##$aГА РФ
$j18
937##$d177079867
$hГАРФ
035##$aRuPRLIB51067220
856##$uhttp://readingroom.main.prlib.ru/item.aspx?id_node=n177079867&mode=full
Формат отображения